ბათუმის შოთა რუსთაველის სახელმწიფო უნივერსიტეტის ბიბლიოთეკა

თავისუფლება და კულტურა = Freedom and culture / (ბიბ.ჩანაწერი № 50315)

000 -ლიდერი
ფიქსირებული სიგრძის საკონტროლო ველი 01555nam a2200277Ia 4500
001 - საკონტროლო ნომერი
საკონტროლო ველი 17256
003 - საკონტროლო ნომრის იდენტიფიკატორი
საკონტროლო ველი GE_BSU
005 - ბოლო ოპერაციის თარიღი და დრო
საკონტროლო ველი 20200207150548.0
008 - ფიქსირებული სიგრძის მონაცემთა ელემენტები - ზოგადი ინფორმაცია
ფიქსირებული სიგრძის საკონტროლო ველი 181216s2014ge xx |||||||||||||| ||geo||
020 ## - წიგნის საერთაშორისო სტანდარტული ნომერი
International Standard Book Number 9789941457111
040 ## - კატალოგიზაციის წყარო
Transcribing agency GE_BSU
041 ## - ენის კოდი
Language code of text/sound track or separate title geo
080 ## - უნივერსალური ათობითი კლასიფიკაციის ინდექსი
Universal Decimal Classification number 123+008 დ-55
100 ## - მთავარი ჩანაწერი - პიროვნების სახელი
Personal name დიუი, ჯონ.
9 (RLIN) 6902
245 ## - ცნობა სათაურის შესახებ
Title თავისუფლება და კულტურა = Freedom and culture /
Statement of responsibility, etc ჯონ დიუი ; ინგლ. თარგმნა გიორგი თავაძემ ; სამეცნ. რედ : თენგიზ ირემაძე ; ლალი ზაქარაძე.
264 ## - წარმოების, გამოცემის, დისტრიბუციის და სხვა ცნობები
გამოცემის, წარმოების, დისტრიბუციის... ადგილი თბილისი :
გამოცემის, წარმოების, დისტრიბუციის... სახელწოდება ნეკერი,
გამოცემის, წარმოების, დისტრიბუციის... თარიღი 2014.
300 ## - ფიზიკური აღწერა
Extent 184 გვ ;
Dimensions 20 სმ.
500 ## - ზოგადი შენიშვნა
General note შენიშვნები: გვ. 163-169. - სახელთა საძიებელი: გვ. 170-174
546 ## - LANGUAGE NOTE
Language note გარეკანი ქართ. და ინგლ. ენაზე
653 ## - INDEX TERM--UNCONTROLLED
Uncontrolled term თავისუფლება; დემოკრატია კულტურის ფილოსოფია
653 ## - INDEX TERM--UNCONTROLLED
Uncontrolled term ფილოსოფია
700 ## - ADDED ENTRY--PERSONAL NAME
Personal name თავაძე, გიორგ
Relator term ინგლისურიდან თარგმნა
9 (RLIN) 6903
700 ## - ADDED ENTRY--PERSONAL NAME
Personal name რემაძე, თენგიზ
Relator term სამეცნიერო რედაქტორი
9 (RLIN) 6904
700 ## - ADDED ENTRY--PERSONAL NAME
Personal name ზაქარაძე, ლალი
Relator term სამეცნიერო რედაქტორი
9 (RLIN) 2152
942 ## - ADDED ENTRY ELEMENTS (KOHA)
Koha item type წიგნი
Source of classification or shelving scheme
ეგზემპლარები
ჩამოწერის სტატუსი დაკარგული ეგზემპლარის სტატუსი კლასიფიკაციის წყარო ან თაროზე გაწყობის სქემა დაზიანების სტატუსი არ გაიცემა მუდმივი მდებარეობა (დაცვის ადგილი) ამჟამინდელი ადგილსამყოფელი თაროზე განთავსების ადგილი შეძენის თარიღი სრული შენახვის შიფრი შტრიხკოდი ბოლო ოპერაციის თარიღი ეგზემპლარის მიმდევრობითი ნომერი (კეტერი?) ფასის ძალაში შესვლის თარიღი ეგზემპლარის სახეობა
          ბათუმის შოთა რუსთაველის სახელმწიფო უნივერსიტეტის მთავარი ბიბლიოთეკა ბათუმის შოთა რუსთაველის სახელმწიფო უნივერსიტეტის მთავარი ბიბლიოთეკა წიგნსაცავი 2018-12-17 123+008 დ-55 45343 2018-12-17 45343 2018-12-17 წიგნი